Struktura živočišné výroby v ČR.

Štruktúra živočíšnej výroby v ČR a nutnosť jej štruktúrnych zmien v nadväznosti na agrobiologické a hmotné energetické vzťahy v poľnohospodárskych sústavách. Objem a štruktúra produkcie živočíšnych bielkovín v porovnaní s niektorými krajinami s vyspelým poľnohospodárstvom.

Salvato in:
Dettagli Bibliografici
Autore principale: Váňa, V.
Natura: Capitolo di libro
Lingua:ceco
Soggetti:
Tags: Aggiungi Tag
Nessun Tag, puoi essere il primo ad aggiungerne!!

MARC

LEADER 00000naa a2200000 4500
001 r006753
005 20221125075913.8
041 0 |a cze 
044 |a [CS] 
245 1 0 |a Struktura živočišné výroby v ČR.  |c V. Váňa 
520 |a Štruktúra živočíšnej výroby v ČR a nutnosť jej štruktúrnych zmien v nadväznosti na agrobiologické a hmotné energetické vzťahy v poľnohospodárskych sústavách. Objem a štruktúra produkcie živočíšnych bielkovín v porovnaní s niektorými krajinami s vyspelým poľnohospodárstvom. 
610 2 0 |a výroba živočíšna 
610 2 0 |a Čechy 
610 2 0 |a štruktúra výroby 
610 2 0 |a údaje štatistické 
610 2 0 |a zmeny štruktúrne 
100 1 |a Váňa, V.